|
|
|
|
| LEADER |
00000nab a2200000u 4500 |
| 001 |
vtls012237348 |
| 003 |
SK-MaSNL |
| 005 |
20260318121856.0 |
| 008 |
230817|2023 xo ||||||| ||00 ||hun| |
| 038 |
|
|
|a KEVKJB
|
| 040 |
|
|
|a KEVKJB
|b slo
|e rda
|
| 041 |
0 |
|
|a hun
|
| 043 |
|
|
|a e-xo---
|
| 044 |
|
|
|a xo
|c SK
|
| 072 |
|
7 |
|a 93/94
|x Dejiny (všeobecne)
|2 konspekt
|
| 080 |
|
|
|a 93/94-027.541
|2 2011
|
| 100 |
1 |
|
|a Máday, Ferenc
|4 aut
|9 1056562
|
| 245 |
1 |
0 |
|a Göndör Gábor, a kassai vízvezetékrendszer atyja
|c Máday Ferenc
|
| 300 |
|
|
|b Fotografie
|
| 336 |
|
|
|a text
|b txt
|2 rdacontent
|
| 337 |
|
|
|a bez média
|b n
|2 rdamedia
|
| 338 |
|
|
|a zväzok
|b nc
|2 rdacarrier
|
| 600 |
1 |
7 |
|a Göndör, Gabriel,
|d 1876-1935
|2 kevkjb
|9 499237
|
| 650 |
0 |
7 |
|a regionálne dejiny
|2 SNKPH
|9 63645
|
| 650 |
0 |
7 |
|a vodovody
|2 SNKPH
|9 29351
|
| 650 |
0 |
7 |
|a kanalizácia
|2 SNKPH
|9 29352
|
| 650 |
0 |
7 |
|a inžinieri
|2 SNKPH
|9 4362
|
| 651 |
|
7 |
|a Košice (Slovensko)
|2 SNKPHgeo
|9 18694
|
| 773 |
0 |
|
|t Kassai Figyelő
|g Évf. XXI, sz. 6 (2023), o. 18-19
|x 1339-0945
|
| 852 |
|
|
|a KEVKJB
|b KIS3GCP
|
| 958 |
|
|
|a HU
|
| 958 |
|
|
|a NM
|
| 999 |
|
|
|c 3254331
|d 3256261
|